Instrumentos Industriales : su ajuste y calibración
| Main Author: | |
|---|---|
| Format: | Section = Libro |
| Language: | Undetermined Spanish |
| Published: |
México
Alfaomega
1993
|
| Edition: | 2a.ed. |
| Subjects: |
| LEADER | 00658nam a2200229Ia 4500 | ||
|---|---|---|---|
| 008 | 240829s9999 xx 000 0 und d | ||
| 020 | |a 968-6223-95-9 | ||
| 040 | |a BIBLIOTECA-RUPAP 681.2 C925 | ||
| 041 | |a spa | ||
| 082 | |a 681.2 C925 | ||
| 100 | 1 | |a Creus Solé, Antonio | |
| 245 | 1 | 0 | |a Instrumentos Industriales : su ajuste y calibración |
| 250 | |a 2a.ed. | ||
| 260 | |a México |b Alfaomega |c 1993 | ||
| 300 | |a 241 p. :il. | ||
| 650 | 7 | |a INGENIERIA DE LA OPERACIONES FABRILES | |
| 650 | 7 | |b INSTRUMENTACION INDUSTRIAL | |
| 650 | 7 | |c TRANSMISOROES | |
| 650 | 7 | |d CALIBRACION DE LOS INSTRUMENTOS. I. Tít. | |
| 942 | |c BK |2 ddc | ||
| 991 | |a TEXTO | ||
| 999 | |c 10318 | ||